• 首页
  • 本馆介绍
  • 公告通知
  • 最新文献
  • 馆藏检索
  • 电子资源
  • 读者导购
  • 参考咨询
  • 我的图书馆
  • 登录
  • 详细信息显示
  • 放入我的书架
  • 预约/预借图书
  • 作者相关作品
  • 分类相关作品
  • 丛书相关作品
  • 出版社相关作品

书目信息

  • 表格格式
  • 工作单格式
  • 卡片格式
题名:
ANSYS工程分析进阶实例
    
 
作者: 包陈 , 王呼佳 主编 ;陈洪军 编著
分册:  
出版信息: 北京   中国水利水电出版社  2009.10
页数: 436页
开本: 26cm
丛书名: 万水ANSYS技术丛书
单 册:
中图分类: O241.82
科图分类:
主题词: 有限元分析--应用软件 , 有限元分析 , 应用软件
电子资源:
ISBN: 978-7-5084-6902-7
000 01042oam2 22003371 450
001 004368906
005 20100712204351.0
010    @a978-7-5084-6902-7@dCNY55.00
100    @a20091229d2009 em y0chiy50 ea
101 0  @achi
102    @aCN@b110000
105    @ay z 000yy
200 1  @aANSYS工程分析进阶实例@9ANSYS gong cheng fen xi jin jie shi li@f包陈,王呼佳主编@g陈洪军等编著
205    @a2版@b修订版
210    @a北京@c中国水利水电出版社@d2009.10
215    @a436页@d26cm
225 2  @a万水ANSYS技术丛书
304    @a编著者还有:吴志俊、余伟炜、董城
330    @a本书从基础、实用技术和工程分析三个层次,讲述了大型有限元软件ANSYS的使用。
461  0 @12001 @a万水ANSYS技术丛书
606 0  @a有限元分析@x应用软件
606 0  @a有限元分析
606 0  @a应用软件
610 0  @aANSYS
690    @aO241.82@v5
701  0 @a包陈@9bao chen@4主编
701  0 @a王呼佳@9wang hu jia@4主编
702  0 @a陈洪军@9chen hong jun@4编著
801  0 @aCN@b91MARC@c20101222
905    @aBZT@dO241.82@e2
906    @dCNY55.00@n0@r1
    
    ANSYS工程分析进阶实例/包陈,王呼佳主编/陈洪军等编著.-2版,修订版.-北京:中国水利水电出版社,2009.10
    436页;26cm.-(万水ANSYS技术丛书)
    
    
    ISBN 978-7-5084-6902-7:CNY55.00
    本书从基础、实用技术和工程分析三个层次,讲述了大型有限元软件ANSYS的使用。
●
相关链接 在五车中查询图书 在当当中查询图书 在豆瓣中查询图书


正题名:ANSYS工程分析进阶实例     索取号:O241.82/2         预约/预借

序号 登录号 条形码 馆藏地/架位号 状态 备注
1 759607   2000759607   样本书库/样007架B面2层1列/ [索取号:O241.82/2] 在馆    
2 759608   2000759608   中心书库北库/ 北库022架B面5列5层45/ [索取号:O241.82/2] 在馆    
3 759609   2000759609   中心书库北库/ 北库022架B面5列5层48/ [索取号:O241.82/2] 在馆    
4 759610   2000759610   中心书库北库/ 北库022架B面5列5层46/ [索取号:O241.82/2] 在馆    
5 759611   2000759611   中心书库北库/ 北库022架B面5列5层47/ [索取号:O241.82/2] 在馆    
山东省滨州职业学院图书馆 欢迎您!
大连网信软件有限公司© 版权所有